| 000 | 01282cam a22003134a 4500 | ||
|---|---|---|---|
| 001 | 16169232 | ||
| 003 | NUST | ||
| 005 | 20201109154752.0 | ||
| 008 | 100402m20102013ncua b 001 0 eng | ||
| 010 | _a 2010013808 | ||
| 020 | _a9781891121531 (cloth : alk. paper : v. 2) | ||
| 038 | _a0 | ||
| 040 |
_aDLC _cDLC _dDLC |
||
| 050 | 0 | 0 |
_aTK6575 _b.P75 2010 |
| 082 | 0 | 0 |
_a621.3848 _222 |
| 245 | 0 | 0 | _aPrinciples of modern radar. |
| 260 |
_aRaleigh, NC : _bSciTech Pub., _c2013 |
||
| 300 |
_a846p _bill. ; _c26 cm. |
||
| 504 | _aIncludes bibliographical references and indexes. | ||
| 505 | 1 | _av. 1. Basic principles / Mark A. Richards, James A. Scheer, William A. Holm, editors -- v. 2. Advanced techniques / William L. Melvin, James A. Scheer, editors -- v. 3. Radar applications / William L. Melvin, James A. Scheer, editors. | |
| 650 | 0 |
_aRadar. _928728 |
|
| 700 | 1 |
_aRichards, M. A. _q(Mark A.), _d1952- _eed. _934975 |
|
| 700 | 1 |
_aScheer, Jim, _d1944- _eed. _934976 |
|
| 700 | 1 |
_aHolm, William A., _eed. _934977 |
|
| 700 | 1 |
_aMelvin, William L., _eed. _934978 |
|
| 906 |
_a7 _bcbc _corignew _d1 _eecip _f20 _gy-gencatlg |
||
| 942 |
_2ddc _cBK |
||
| 999 |
_c540785 _d540785 |
||